000 00710nam a22001817a 4500
005 20260413112125.0
008 240813b ||||| |||| 00| 0 eng d
082 _22023
_aUT
100 _aCansiran, Neph S.
_957493
245 _aLoan repayment behavior among borrowers :
_ban exploratory factor analysis /
_cNeph S. Cansiran, Marlou S. Lasula, and Jean Rose P. Pantojan
260 _aDigos City :
_bUMDC,
_cOctober 2023.
300 _aix, 47 pages :
_c30 cm.
_billustrations (some colors) ;
500 _aIncludes references and appendices.
650 _aFinancial Management.
_xUndergraduate Thesis.
_957483
700 _aLasula, Marlou S.
_957494
700 _aPantojan, Jean Rose P.
_957495
942 _2ddc
_cUT
999 _c20376
_d20376